000 00362cam a22001217a 4500
008 180718b1972 xxu||||| |||| 00| 0 eng d
082 _aT19x6 M983
100 _aMutharika, B.W.T.
245 _aToward multinational economic cooperation in Africa
_cby B.W.T. Mutharika
260 _aNew York
_bPraeger
_c1972
300 _a434p.
650 _aAfrica - Economic Policy
999 _c349382
_d349382